00743nam a2200205 a 450000100100000000500170001000800410002704000250006808200170009310000360011024500400014626000480018630000430023449000290027750000480030683000360035404900090039095201210039999900170052000002490920200930023437.0110207s1971 sp abc r 000 0 spa d aDO-SdBNPbspacBNPHU axxxxxbS487l1 aSerrano, Antonio Maciá95114310aLepanto /cAntonio Maciá Serrano. aMadrid :bPublicaciones Españolas,c1971. a62 p. :bil., mapas., retrs. ;c21 cm.1 aTemas españoles ;v523 aIncluye referencia bibliográfica p. [57]. 0aTemas españoles ;n523951144 aBNGR 001054708MOaGRbGRcCTd2011-02-07iLF1l0oxxxxx S487lp24909-10r2020-06-25w2020-06-25y4ZPréstamo en sala c24402d24402